000 00586cam a2200217 i 4500
001 4139941
005 20180301034147.0
008 771206s1978 nyu b 001 0 eng
010 _a 77026623
020 _a0060450614
040 _aDLC
_cDLC
_dDLC
041 _aeng
080 _a301.185 BOB
082 0 0 _a301.185 BOB
100 1 _a49
101 _aPSI
245 1 0 _aDecision-making group interaction /
_cBobby R. Patton, Kim Giffin.
504 _aIncludes bibliographical references and index.
906 _a7
_bcbc
_corignew
_d1
_eocip
_f19
_gy-gencatlg
942 _2ddc
_cBK
999 _c43756
_d43756